000 00605nam a2200205Ia 4500
005 20250508162702.0
008 008 250505s9999 xx 000 0 eng d
020 _a81-7024-206-1
037 _aTextual
040 _aFEDL
_beng
_cFEDL
041 _aeng
_2eng
084 _a363.7, ROU
_qFEDL
100 _aRout Pravakar
_9773805
245 0 _aEnvironmental concept development in children
260 _aNew Delhi, India
_bAshish Publishing House
_c1988
300 _axxix,250p.
650 _aEnvironmental Education
_9766882
942 _cTEXL
_h363.7, ROU
999 _c1378047
_d1378047